Представление документа в формате RUSMARC

ПолеНазваниеЗначение
  Тип записи a
  Библиографический уровень m
001 Контрольный номер RU/ГПНТБ России/IBIS/Мл20.1/Б 38-770043238
005 Дата корректировки 20260504161404.3
010 Индекс ISBN __
a ISBN 978-5-17-118470-4
b Уточнения в пер.
9 Тираж 3000
100 Данные общей обработки __
a Данные общей обработки 20260504d2019 c y0rusy0250 ca
101 Язык документа 1_
a Язык текста rus
c Язык оригинала eng
102 Страна публикации __
a Страна публикации RU
105 Кодированные данные (монография) __
a Кодированные данные (монография) a zz 000yy
181 Поле кодированных данных: вид содержания _0
a Код вида содержания (ISBD) i
182 Поле кодированных данных: тип средства _0
a Код типа средства (ISBD) n
200 Заглавие и сведения об ответственности 1_
a Заглавие Мир и человек
e Сведения, относящиеся к заглавию [для младшего школьного возраста]
f Первые сведения об ответственности Камилла де ла Бедуайер
g Последующие сведения об ответственности художник Ричард Уотсон
g Последующие сведения об ответственности [перевод с английского Ирины Усовой]
203 Вид содержания и тип средства __
c Тип средства непосредственный
a Вид содержания Текст
210 Выходные данные 1_
a Место издания Москва
c Издательство Аванта
c Издательство АСТ
d Дата издания 2019
215 Физическое описание __
a Объем 31 с.
c Иллюстрации/тип воспроизводства цв. ил.
d Формат 27 см
225 Серия 2_
a Серия Вопросы и ответы для любознательных
300 Общие примечания __
a Общие примечания На обложке автор не указан
330 Аннотация __
a Аннотация Земля - уникальный дом для людей, а также для миллиардов растений и животных. Забота о планете - работа каждого из нас. Как именно ты можешь помочь? Что такое переработка и повторное использование? Почему растения так важны? Что такое атмосфера и парниковые газы? Как экономить энергию и производить меньше мусора? Обо всем этом расскажет книга. В простых и интересных ответах кроется информация, важная для каждого жителя Земли. Как сохранить нашу планету здоровой и процветающей.
333 Примечание о целевом назначении __
a Примечание о целевом назначении информационная продукция для детей, не достигших возраста шести лет
333 Примечание о целевом назначении __
a Примечание о целевом назначении для детей младшего возраста, 5-10 лет
454 Оригинал _0
1 700 1
a Bedoyere
g Camilla de la
1 2001
a Curious questions & answers about saving the earth
f Camilla de la Bedoyere
606 Тематические рубрики __
a Основная рубрика Естественные науки
x Основная подрубрика Экология
x Основная подрубрика Детская литература
z Хронологическая подрубрика 21 в.
j Формальный подзаголовок Издания для детей
2 Код системы nlr_sh
610 Ключевые слова 1_
a Ключевые слова детская литература
610 Ключевые слова 1_
a Ключевые слова познавательная литература
610 Ключевые слова 1_
a Ключевые слова развивающая литература
610 Ключевые слова 1_
a Ключевые слова почемучки
610 Ключевые слова 1_
a Ключевые слова красочные иллюстрации
610 Ключевые слова 1_
a Ключевые слова вопрос
610 Ключевые слова 1_
a Ключевые слова ответ
610 Ключевые слова 1_
a Ключевые слова планета в опасности
610 Ключевые слова 1_
a Ключевые слова воздух
610 Ключевые слова 1_
a Ключевые слова грязная энергия
610 Ключевые слова 1_
a Ключевые слова медуза
610 Ключевые слова 1_
a Ключевые слова канализация
610 Ключевые слова 1_
a Ключевые слова пищевые мили
610 Ключевые слова 1_
a Ключевые слова природа
610 Ключевые слова 1_
a Ключевые слова мусор
610 Ключевые слова 1_
a Ключевые слова избавляемся от мусора
610 Ключевые слова 1_
a Ключевые слова сохранить планету
686 Индексы других классификаций __
2 Код системы rubbk
a Классификационный индекс 20.1
700 Автор _1
a Фамилия Бедуайер
b Имя К. де ла
g Полное личное имя Камилла де ла
f Даты 1963-
4 Код отношения 070
702 Вторичная интеллектуальная ответственность _1
a Фамилия Уотсон
b Имя Р.
g Полное личное имя Ричард
4 Код отношения 440
702 Вторичная интеллектуальная ответственность _1
a Фамилия Усова
b Имя И.
g Полное личное имя Ирина
4 Код отношения 730
801 Источник записи _0
b Организация ГПНТБ России
a Страна RU
c Дата составления 20260504
801 Источник записи _1
b Организация ГПНТБ России
a Страна RU
c Дата составления 20260504
852 Данные о местонахождении 5_
a Наименование организации ГПНТБ России
m Суффикс шифра хранения 1050410
b Сигла хранения ЦГБ
j Шифр хранения Мл20.1
p Инвентарный номер RU
899 Данные о местонахождении __
a Местонахождение ГПНТБ России
p Штрих-код 1050410
b Место хранения ЦГБ
h Классификационная часть РШ 20.1
i Авторский знак Б 38
901 Тип документа __
a Ответственный заим.